São Tomé and Príncipe History Quiz 2025 - Statistics

General Stats
  • This quiz has been taken 14 times
  • The average score is 8 of 14
Answer Stats
Hint Answer % Correct
Main Language Portuguese
100%
Capital São Tomé
100%
Number of Islands 2
89%
Former Part of Portugal
89%
Number of Presidents 4
78%
Number of Official Political Parties 5
78%
Main Religion Christianity
67%
Main Ally Angola
44%
Form of Government Democracy
44%
Independent Since 1975
33%
Main Export Petroleum
22%
Currency São Tomé and Príncipe dobra
22%
Main Enemy Taiwan
22%
Current President Carlos Vila Nova
11%
No matching quizzes found
Score Distribution
Percent of People with Each Score
Percentile by Number Answered
Your Score History
You have not taken this quiz